| 000 | 01046pam a2200277 a 4500 | ||
|---|---|---|---|
| 001 | 1198234 | ||
| 003 | NUST-PNEC | ||
| 005 | 20170116180717.0 | ||
| 008 | 980429s1999 flua be 000 0 eng | ||
| 010 | _a 98022385 | ||
| 020 | _a0849396409 | ||
| 040 |
_aDLC _cPNEC _dDLC |
||
| 050 | 0 | 0 |
_aQA5 _b.W45 1999 |
| 082 | 0 | 0 | _a510.3 WEI |
| 100 | 1 | _aWeisstein, Eric W. | |
| 245 | 1 | 0 |
_aCRC concise encyclopedia of mathematics / _cEric W. Weisstein. |
| 260 |
_aBoca Raton, Fla. : _bCRC Press, _cc1999. |
||
| 300 |
_a1969 p. : _bill. ; _c29 cm. |
||
| 500 | _ahttp://www.amazon.com/CRC-Concise-Encyclopedia-Mathematics/dp/0849396409/ref=sr_1_1?s=books&ie=UTF8&qid=1413891962&sr=1-1&keywords=0849396409 | ||
| 504 | _aIncludes bibliographical references. | ||
| 650 | 0 |
_aMathematics _xEncyclopedias. |
|
| 906 |
_a7 _bcbc _corignew _d1 _eocip _f19 _gy-gencatlg |
||
| 942 |
_2ddc _cBK |
||
| 999 |
_c61223 _d61223 |
||